Fortnite Pistols Quiz - Statistics

General Stats
  • This quiz has been taken 57 times
    49 since last reset
  • The average score is 7 of 21
Answer Stats
Ammo Gun % Correct
Light Pistol
90%
Heavy Hand Cannon
76%
Medium Revolver
69%
Light Suppressed Pistol
57%
Medium Dual Pistols
50%
Heavy Flint-Knock Pistol
48%
Heavy Mammoth Pistol
40%
Light Tactical Pistol
40%
Medium Scoped Revolver
38%
Light Combat Pistol
31%
Light Lock-on Pistol
26%
Light Ranger Pistol
26%
Medium Six-Shooter
26%
Medium Primal Pistol
12%
Medium Hop Rock Dualies
10%
Medium Nighthawk
10%
Light Shadow Tracker
10%
Light Sidearm Pistol
7%
Medium Makeshift Revolver
2%
Medium Marksman Six-Shooter
2%
Heavy Ballistic Shield
0%
No matching quizzes found
Score Distribution
Percent of People with Each Score
Percentile by Number Answered
Your Score History
You have not taken this quiz since the last reset